Every Country That Tried To Get Nukes - But Failed Doing So - Statistics

General Stats
  • This quiz has been taken 37 times
  • The average score is 10 of 17
Answer Stats
Continent Country % Correct
Asia Iran
94%
South America Brazil
91%
South America Argentina
82%
Asia Iraq
82%
Europe Nazi Germany
79%
Asia South Korea
76%
Europe Spain
76%
Europe Sweden
70%
Asia Saudi Arabia
61%
Asia Taiwan
61%
Asia Syria
55%
Europe Switzerland
45%
Europe Yugoslavia
45%
Africa Libya
42%
Asia Myanmar
42%
Europe Socialist Republic of Romania
30%
Asia / Oceania Japanese Empire
3%
No matching quizzes found
Score Distribution
Percent of People with Each Score
Percentile by Number Answered
Your Score History
You have not taken this quiz